000 00876cam a22002174a 4500
005 20250605164248.0
008 250528s ||||||||||||||||||||||||d
035 _a21597
020 _a9780333751893
040 _aGR-AtMCL
_bgre
_dGR-AtMCL
_eAACR2
245 1 _aTHE STUDY SKILLS HANDBOOK
250 _a1
260 _bPalgrave Macmillan,
_c1999
300 _a236
505 0 _aPREPARING FOR UNIVERSITY IDENTIFYING YOUR SKILLS INTELLIGENCE AND LEARNING THE CREAM STRATEGY FOR LEARNING WORKING WITH OTHERS RESEARCH SKILLS WRITING FOR UNIVERSITY DEVELOPING YOUR WRITING
520 _aPREPARING FOR UNIVERSITY IDENTIFYING YOUR SKILLS INTELLIGENCE AND LEARNING THE CREAM STRATEGY FOR LEARNING WORKING WITH OTHERS RESEARCH SKILLS WRITING FOR UNIVERSITY DEVELOPING YOUR WRITING
700 1 _aCottrell Stella
_97020
942 _cBK
999 _c6658
_d6658